[Event "XL Gold Cup"]
[Site "Merano - Meran ITA"]
[Date "2012.04.??"]
[Round "1"]
[White "Bauer, Dieter"]
[Black "Wempe, Juergen"]
[WhiteElo "1810"]
[BlackElo "2157"]
[Result "0-1"]
[PlyCount "60"]
[EventDate "2012.04.13"]

1. c4 g6 2. g3 d5 3. Bg2 dxc4 4. Na3 c6 5. Nxc4 Be6 6. d3 Bxc4 7. dxc4 Qxd1+ 8.
Kxd1 Bg7 9. Rb1 Nd7 10. b3 Nh6 11. Bb2 e5 12. Kc2 O-O 13. Nh3 Rfe8 14. Rbd1 Nc5
15. e3 Rad8 16. Rhe1 e4 17. Bxg7 Kxg7 18. Bf1 Ng4 19. Be2 Ne5 20. Rxd8 Rxd8 21.
Rd1 Rxd1 22. Bxd1 Kf6 23. Kc3 Kf5 24. Kd4 Ne6+ 25. Kc3 Nf3 26. Bxf3 exf3 27. b4
Kg4 28. Nf4 Nxf4 29. gxf4 Kh3 30. Kd4 Kg2 0-1

[Event "XL Gold Cup"]
[Site "Merano - Meran ITA"]
[Date "2012.04.??"]
[Round "1"]
[White "Huss, Benjamin"]
[Black "Kumeth, Hartmut"]
[WhiteElo "2142"]
[BlackElo "1815"]
[Result "0-1"]
[PlyCount "68"]
[EventDate "2012.04.13"]

1. e4 e5 2. Nf3 Nc6 3. d4 exd4 4. c3 Nf6 5. e5 Nd5 6. cxd4 Bb4+ 7. Bd2 Qe7 8.
Nc3 Bxc3 9. bxc3 d6 10. Bb5 Bd7 11. O-O O-O 12. Re1 dxe5 13. Nxe5 Nxe5 14. Rxe5
Be6 15. Qf3 c6 16. Bd3 Qd7 17. Qh5 g6 18. Qh4 f6 19. Re2 Bf5 20. Bc4 b5 21. Bb3
Bd3 22. Ree1 a5 23. a4 Bc4 24. Bc2 b4 25. cxb4 axb4 26. Reb1 Qe7 27. Bb3 Bxb3
28. Rxb3 Qe2 29. Bxb4 Rfb8 30. Rh3 h5 31. Re1 Rxb4 32. Rf1 Qg4 33. Qxg4 hxg4
34. Rg3 Rxd4 0-1

[Event "XL Gold Cup"]
[Site "Merano - Meran ITA"]
[Date "2012.04.??"]
[Round "1"]
[White "Kottenhoff, Roland"]
[Black "Koch, Dieter"]
[WhiteElo "2166"]
[BlackElo "1826"]
[Result "1-0"]
[PlyCount "79"]
[EventDate "2012.04.13"]

1. e4 e5 2. Nf3 Qe7 3. Bc4 c6 4. O-O d6 5. d4 h6 6. h3 Nf6 7. Re1 Nbd7 8. a4 g5
9. dxe5 dxe5 10. b3 g4 11. Ba3 c5 12. hxg4 Nxg4 13. Nc3 a6 14. Nd5 Qd6 15. Qe2
Be7 16. Red1 Kf8 17. Ne3 Qg6 18. Nf5 Qf6 19. a5 b5 20. axb6 Nxb6 21. Nxe7 Qxe7
22. Rd2 Kg7 23. Rad1 Nxc4 24. Qxc4 Be6 25. Qxc5 Qf6 26. Bb2 Rhc8 27. Qa5 Qf4
28. Bxe5+ Nxe5 29. Qxe5+ Qxe5 30. Nxe5 Rc3 31. Ra1 Kf6 32. Nf3 Rg8 33. Ne1 Bc8
34. Rd3 Rc5 35. Rd6+ Ke5 36. Rxh6 Kxe4 37. Ra4+ Kd5 38. Rf4 f5 39. c4+ Ke5 40.
Nd3# 1-0

[Event "XL Gold Cup"]
[Site "Merano - Meran ITA"]
[Date "2012.04.??"]
[Round "1"]
[White "Roettcher, Wolfgang"]
[Black "Pregl, Walter"]
[WhiteElo "1792"]
[BlackElo "2110"]
[Result "0-1"]
[PlyCount "52"]
[EventDate "2012.04.13"]

1. e4 e5 2. f4 exf4 3. Nf3 g5 4. d4 d6 5. g3 g4 6. Bc4 gxf3 7. Bxf7+ Kxf7 8.
Qxf3 Qg5 9. Bxf4 Qg4 10. Qf2 Ke8 11. O-O Be7 12. Nd2 h5 13. Nc4 h4 14. e5 Be6
15. Nxd6+ cxd6 16. exd6 hxg3 17. Bxg3 Bxd6 18. Rae1 Kd7 19. Rxe6 Qxe6 20. Bxd6
Qxd6 21. Qf5+ Kc7 22. Qa5+ b6 23. Qc3+ Nc6 24. Rf2 Nf6 25. d5 Rag8+ 26. Kf1
Nxd5 0-1

[Event "XL Gold Cup"]
[Site "Merano - Meran ITA"]
[Date "2012.04.??"]
[Round "2"]
[White "Aigner, Georg"]
[Black "Kumeth, Hartmut"]
[WhiteElo "2004"]
[BlackElo "1815"]
[Result "1-0"]
[PlyCount "53"]
[EventDate "2012.04.13"]

1. e4 c6 2. d4 d6 3. Nc3 Nf6 4. Bg5 h6 5. Bh4 g5 6. Bg3 Qb6 7. Rb1 Bg4 8. Be2
Be6 9. Nf3 Nbd7 10. O-O Bg4 11. Qd3 Bh5 12. Nd2 Bg7 13. Nc4 Bxe2 14. Nxe2 Qd8
15. f4 b5 16. Ne3 Nh5 17. Nf5 Rg8 18. fxg5 Nxg3 19. Nexg3 Qb6 20. Nxg7+ Rxg7
21. gxh6 Rg6 22. Nf5 Ne5 23. Qh3 Ng4 24. h7 O-O-O 25. h8=Q Rxh8 26. Qxh8+ Kb7
27. Nxe7 1-0

[Event "XL Gold Cup"]
[Site "Merano - Meran ITA"]
[Date "2012.04.??"]
[Round "2"]
[White "Marek, Herbert"]
[Black "Kottenhoff, Roland"]
[WhiteElo "1889"]
[BlackElo "2166"]
[Result "0-1"]
[PlyCount "40"]
[EventDate "2012.04.13"]

1. d4 Nf6 2. c4 c5 3. e3 g6 4. Nc3 cxd4 5. exd4 Bg7 6. Nf3 O-O 7. Be2 d6 8. O-O
a6 9. a4 Qc7 10. Ra3 Re8 11. b4 e5 12. dxe5 dxe5 13. Nd5 Nxd5 14. cxd5 Qd6 15.
Rb3 e4 16. Ne1 Nd7 17. b5 Nf6 18. Bc4 Bg4 19. f3 Qc5+ 20. Kh1 Qxc4 0-1

[Event "XL Gold Cup"]
[Site "Merano - Meran ITA"]
[Date "2012.04.??"]
[Round "2"]
[White "Wempe, Juergen"]
[Black "Meul, Willi"]
[WhiteElo "2157"]
[BlackElo "1867"]
[Result "1-0"]
[PlyCount "31"]
[EventDate "2012.04.13"]

1. e4 c5 2. Nf3 Nc6 3. c4 g6 4. d4 cxd4 5. Nxd4 Bg7 6. Be3 d6 7. Nc3 Nf6 8. Be2
Bd7 9. Nc2 Qc8 10. h3 Ne5 11. c5 dxc5 12. f4 Nc6 13. e5 Ng8 14. Bxc5 b6 15. Ba3
e6 16. Ne4 1-0

[Event "XL Gold Cup"]
[Site "Merano - Meran ITA"]
[Date "2012.04.??"]
[Round "3"]
[White "Aigner, Georg"]
[Black "Wempe, Juergen"]
[WhiteElo "2004"]
[BlackElo "2157"]
[Result "0-1"]
[PlyCount "100"]
[EventDate "2012.04.13"]

1. e4 g6 2. d4 c6 3. Nf3 d5 4. Nc3 Bg4 5. h3 dxe4 6. hxg4 exf3 7. gxf3 Bg7 8.
Be3 Qa5 9. Qd2 Nf6 10. Ne4 Qxd2+ 11. Nxd2 h5 12. Ne4 Nxe4 13. fxe4 hxg4 14.
Rxh8+ Bxh8 15. Be2 f5 16. e5 Nd7 17. Bc4 b5 18. Be6 Nf8 19. Bg8 Bg7 20. Ke2 Kd7
21. Bf7 Ne6 22. Bxg6 f4 23. Bd2 Nxd4+ 24. Kd3 Bxe5 25. Bxf4 Nf3 26. Ke4 Bxf4
27. Bf5+ Kc7 28. Kxf4 Rf8 29. Kxg4 Nd4 30. Bd3 Rxf2 31. Rc1 e5 32. Kg3 Rd2 33.
Kg4 Kd6 34. b4 Kd5 35. c4+ Ke6 36. Be4 Re2 37. Bh7 Rg2+ 38. Kh3 Rxa2 39. cxb5
Ra3+ 40. Kg4 cxb5 41. Rc8 Ra4 42. Bg8+ Kf6 43. Rf8+ Kg7 44. Ra8 Rxb4 45. Kg5
Nf3+ 46. Kf5 Rf4+ 47. Ke6 e4 48. Kd5 e3 49. Re8 Rf5+ 50. Ke4 Re5+ 0-1

[Event "XL Gold Cup"]
[Site "Merano - Meran ITA"]
[Date "2012.04.??"]
[Round "3"]
[White "Huss, Benjamin"]
[Black "Koch, Dieter"]
[WhiteElo "2142"]
[BlackElo "1826"]
[Result "1-0"]
[PlyCount "43"]
[EventDate "2012.04.13"]

1. Nf3 d6 2. g3 f5 3. d4 Nf6 4. b3 e6 5. Bb2 Be7 6. Bg2 O-O 7. O-O Qe8 8. Nbd2
Nc6 9. Ne1 Ng4 10. h3 Nh6 11. f4 g5 12. d5 Nd8 13. e3 Qg6 14. Kh2 g4 15. h4
exd5 16. Bxd5+ Be6 17. Bg2 Qh5 18. Rh1 Bxh4 19. Kg1 Qe8 20. Rxh4 Nhf7 21. Nf1
c6 22. Qd4 1-0

[Event "XL Gold Cup"]
[Site "Merano - Meran ITA"]
[Date "2012.04.??"]
[Round "3"]
[White "Kottenhoff, Roland"]
[Black "Pregl, Walter"]
[WhiteElo "2166"]
[BlackElo "2110"]
[Result "1/2-1/2"]
[PlyCount "90"]
[EventDate "2012.04.13"]

1. e4 c5 2. Nf3 d6 3. d4 cxd4 4. Nxd4 Nf6 5. Nc3 a6 6. Bg5 e6 7. f4 Be7 8. Qf3
Qc7 9. Be2 Nbd7 10. O-O-O O-O 11. g4 Re8 12. h4 b5 13. a3 Rb8 14. Bxf6 Nxf6 15.
g5 Nd7 16. h5 Nf8 17. Qg3 b4 18. axb4 Rxb4 19. f5 Qc5 20. f6 Rxd4 21. fxe7 Rxe7
22. Qh4 Rxd1+ 23. Nxd1 Re8 24. g6 fxg6 25. hxg6 h6 26. Bh5 Bb7 27. Kb1 Qe5 28.
Qf2 Re7 29. Nc3 Bxe4 30. Nxe4 Qxe4 31. Rf1 Nd7 32. Qa7 Qc6 33. Be2 Qb6 34. Qa8+
Qb8 35. Qxa6 Nc5 36. Qc4 Nd7 37. Bg4 d5 38. Qc6 Nf8 39. Bh5 Qe8 40. Qc5 Rb7 41.
Rf7 Qb8 42. Rxb7 Qxb7 43. Qd6 Qa7 44. Qe5 Qg1+ 45. Ka2 Qa7+ 1/2-1/2

[Event "XL Gold Cup"]
[Site "Merano - Meran ITA"]
[Date "2012.04.??"]
[Round "3"]
[White "Stratmann, Dietrich"]
[Black "Schleime, Franz-Josef"]
[WhiteElo "1726"]
[BlackElo "1777"]
[Result "0-1"]
[PlyCount "58"]
[EventDate "2012.04.13"]

1. d4 Nf6 2. Nf3 e6 3. e3 g6 4. c4 Bg7 5. Nc3 d5 6. b3 O-O 7. Bd3 Nbd7 8. cxd5
exd5 9. O-O Re8 10. Qc2 a6 11. a4 b6 12. Bb2 Bb7 13. Rac1 Rc8 14. Qe2 Ra8 15.
b4 c5 16. bxc5 bxc5 17. dxc5 Nxc5 18. Bc2 Nfe4 19. Nd4 Bxd4 20. Nxe4 Bxb2 21.
Nxc5 Bxc1 22. Nxb7 Qc8 23. Rxc1 Qxb7 24. Rb1 Qc6 25. Qd3 Qc4 26. h4 Qxh4 27.
Qxd5 Rad8 28. Qb7 Rd2 29. g3 Qf6 0-1

[Event "XL Gold Cup"]
[Site "Merano - Meran ITA"]
[Date "2012.04.??"]
[Round "4"]
[White "Koch, Dieter"]
[Black "Harsch, Martin"]
[WhiteElo "1826"]
[BlackElo "2013"]
[Result "1/2-1/2"]
[PlyCount "61"]
[EventDate "2012.04.13"]

1. d4 d5 2. e3 Nf6 3. Bd3 Bg4 4. Nf3 Nbd7 5. Nbd2 e6 6. c3 c6 7. Qc2 Be7 8. h3
Bh5 9. Nh2 Bg6 10. Bxg6 hxg6 11. O-O Qc7 12. f4 Nh5 13. Ng4 Ndf6 14. Nxf6+ Nxf6
15. e4 O-O-O 16. e5 Ng8 17. Nf3 Nh6 18. Be3 Nf5 19. Qf2 Bh4 20. Nxh4 Rxh4 21.
Rac1 Qe7 22. c4 Kb8 23. Rc3 Rhh8 24. Bd2 Qd7 25. c5 Qe7 26. Be1 Rhf8 27. Qd2 f6
28. b4 fxe5 29. fxe5 Nh4 30. Rxf8 Rxf8 31. Qe2 1/2-1/2

[Event "XL Gold Cup"]
[Site "Merano - Meran ITA"]
[Date "2012.04.??"]
[Round "4"]
[White "Segelken, Peter"]
[Black "Aigner, Georg"]
[WhiteElo "1840"]
[BlackElo "2004"]
[Result "0-1"]
[PlyCount "79"]
[EventDate "2012.04.13"]

1. e4 e5 2. Nf3 Nc6 3. Bb5 a6 4. Ba4 Nf6 5. O-O Bc5 6. c3 d6 7. d3 Bg4 8. Be3
Bxe3 9. fxe3 O-O 10. c4 Ne7 11. Nc3 c6 12. h3 Bd7 13. Bb3 c5 14. Ba4 Rb8 15.
Bxd7 Qxd7 16. a4 Nc6 17. Nh4 Nb4 18. Qe2 Qe7 19. Nf5 Qd8 20. Ng3 b6 21. Rf2 Rb7
22. Raf1 Ne8 23. Kh2 Re7 24. Nf5 Re6 25. Rf3 Rg6 26. Rg3 Rxg3 27. Nxg3 Nf6 28.
Qd1 Re8 29. Qe2 Re6 30. Rd1 h6 31. Nf5 Nh7 32. Qf2 Rf6 33. Qd2 Rg6 34. d4 Qg5
35. dxe5 dxe5 36. Qd8+ Qxd8 37. Rxd8+ Nf8 38. Ne7+ Kh7 39. Rxf8 Re6 40. Rxf7
0-1

[Event "XL Gold Cup"]
[Site "Merano - Meran ITA"]
[Date "2012.04.??"]
[Round "4"]
[White "Wempe, Juergen"]
[Black "Kottenhoff, Roland"]
[WhiteElo "2157"]
[BlackElo "2166"]
[Result "1-0"]
[PlyCount "103"]
[EventDate "2012.04.13"]

1. d4 Nf6 2. Bf4 c5 3. d5 d6 4. Nc3 g6 5. e4 Bg7 6. Nf3 O-O 7. Qd2 a6 8. a4 Qa5
9. Ra3 Bg4 10. Be2 Nbd7 11. O-O Bxf3 12. Bxf3 Ne8 13. Bg5 Nef6 14. Bh6 Qc7 15.
Bxg7 Kxg7 16. Be2 Rad8 17. f4 c4 18. Kh1 Rc8 19. g4 Qb8 20. g5 Ne8 21. Qd4+ Kg8
22. Bxc4 Qc7 23. Be2 Qc5 24. Qxc5 Rxc5 25. Bg4 Rc7 26. Bxd7 Rxd7 27. Ne2 Rc7
28. Rc3 Rxc3 29. Nxc3 Ng7 30. Kg2 Rc8 31. Rd1 Ne8 32. Rd4 Kg7 33. Rb4 Rc7 34.
Kf3 f6 35. Ke3 fxg5 36. fxg5 h6 37. h4 hxg5 38. hxg5 Kf7 39. Kd3 Ng7 40. Rb6
Nh5 41. Ne2 Ng7 42. c4 Ke8 43. b4 Kf7 44. Nf4 e5 45. dxe6+ Nxe6 46. Nxe6 Kxe6
47. c5 Rd7 48. Kd4 Ke7 49. Rxd6 Rxd6+ 50. cxd6+ Kxd6 51. e5+ Ke6 52. a5 1-0

[Event "XL Gold Cup"]
[Site "Merano - Meran ITA"]
[Date "2012.04.??"]
[Round "5"]
[White "Harsch, Martin"]
[Black "Roettcher, Wolfgang"]
[WhiteElo "2013"]
[BlackElo "1792"]
[Result "1-0"]
[PlyCount "49"]
[EventDate "2012.04.13"]

1. e4 d6 2. d4 Nf6 3. Nc3 g6 4. Be3 Bg7 5. Qd2 c6 6. f3 Nbd7 7. O-O-O a6 8. h4
b5 9. g4 b4 10. Nce2 Qa5 11. Kb1 Nb6 12. Nc1 Be6 13. Nb3 Bxb3 14. cxb3 O-O 15.
Bh6 Ne8 16. h5 Bxh6 17. Qxh6 g5 18. e5 Qd5 19. Bd3 f5 20. Bxf5 Rxf5 21. gxf5
dxe5 22. Qxg5+ Kh8 23. Qe3 Nf6 24. Qxe5 Qg8 25. Nh3 1-0

[Event "XL Gold Cup"]
[Site "Merano - Meran ITA"]
[Date "2012.04.??"]
[Round "5"]
[White "Huss, Benjamin"]
[Black "Aigner, Georg"]
[WhiteElo "2142"]
[BlackElo "2004"]
[Result "1-0"]
[PlyCount "57"]
[EventDate "2012.04.13"]

1. Nf3 d5 2. g3 c5 3. Bg2 Nc6 4. d3 e5 5. Nbd2 Nf6 6. e4 d4 7. O-O Bd6 8. h3
Ne7 9. Nc4 Ng6 10. a4 Be6 11. Nxd6+ Qxd6 12. Ng5 h6 13. Nxe6 fxe6 14. f4 Qe7
15. f5 Nf8 16. a5 Rc8 17. b3 Rc6 18. Bd2 N8d7 19. Qe2 Nb8 20. c4 O-O 21. Qe1
Na6 22. Ra4 Rb8 23. g4 b5 24. axb6 Rcxb6 25. Qg3 Nb4 26. Bxb4 Rxb4 27. Qxe5
Rxb3 28. fxe6 Rxd3 29. Qxb8+ 1-0

[Event "XL Gold Cup"]
[Site "Merano - Meran ITA"]
[Date "2012.04.??"]
[Round "5"]
[White "Pregl, Walter"]
[Black "Wempe, Juergen"]
[WhiteElo "2110"]
[BlackElo "2157"]
[Result "1/2-1/2"]
[PlyCount "52"]
[EventDate "2012.04.13"]

1. e4 c6 2. d4 g6 3. Nc3 d5 4. e5 h5 5. Bd3 Nh6 6. h3 Bf5 7. Nf3 Qd7 8. Bf4 Na6
9. Bxf5 Nxf5 10. Qd2 c5 11. dxc5 e6 12. O-O Nxc5 13. a4 Rc8 14. Rfd1 Be7 15.
Bg5 Bxg5 16. Qxg5 Qe7 17. Qf4 a5 18. Ng5 Nd7 19. Nf3 Rc4 20. Qd2 Nh4 21. Nxh4
Rxh4 22. Re1 g5 23. Nb5 g4 24. Ra3 gxh3 25. gxh3 Rg8+ 26. Kh2 Qb4 1/2-1/2

[Event "XL Gold Cup"]
[Site "Merano - Meran ITA"]
[Date "2012.04.??"]
[Round "5"]
[White "Schuller, Erhard"]
[Black "Koch, Dieter"]
[WhiteElo "1730"]
[BlackElo "1826"]
[Result "1-0"]
[PlyCount "97"]
[EventDate "2012.04.13"]

1. Nf3 d6 2. g3 f5 3. Bg2 Nf6 4. c4 e6 5. Nc3 Be7 6. O-O O-O 7. d4 Qe8 8. b3
Nc6 9. Bb2 Qh5 10. Nd2 Ng4 11. h3 Nh6 12. e3 Qf7 13. Rb1 Bf6 14. a3 Kh8 15. d5
Nd8 16. Ne2 e5 17. f4 Qe8 18. e4 Ndf7 19. Qe1 g5 20. fxe5 dxe5 21. exf5 Nd6 22.
g4 Qe7 23. Ng3 Ng8 24. Nge4 Qg7 25. Nxf6 Nxf6 26. Qxe5 Bd7 27. Qc3 Rf7 28. Rbe1
Raf8 29. Re2 h5 30. Qf3 c5 31. Rfe1 hxg4 32. hxg4 Qh6 33. Qh3 Qxh3 34. Bxh3 Rh7
35. Rh2 Kg8 36. Bxf6 Rxf6 37. Bg2 Rg7 38. Bf3 a6 39. Rhe2 Kf8 40. Kg2 b5 41.
Ne4 Nxe4 42. Rxe4 bxc4 43. Rxc4 Bxf5 44. gxf5 Rxf5 45. Rf1 Rb7 46. Rc3 Rf4 47.
Be2 Ke7 48. Rxf4 gxf4 49. Kf3 1-0

[Event "XL Gold Cup"]
[Site "Merano - Meran ITA"]
[Date "2012.04.??"]
[Round "5"]
[White "Thonig, Manfred"]
[Black "Marek, Herbert"]
[WhiteElo "1679"]
[BlackElo "1889"]
[Result "0-1"]
[PlyCount "52"]
[EventDate "2012.04.13"]

1. f4 g6 2. d4 d5 3. e3 Bg7 4. Nf3 h5 5. c4 c6 6. b3 Nh6 7. Bd3 Bf5 8. Qc2 Nd7
9. cxd5 cxd5 10. Bxf5 Nxf5 11. Ne5 Rc8 12. Qd2 Nxe5 13. fxe5 Bh6 14. Nc3 Bxe3
15. Qd3 Bxd4 16. Qb5+ Kf8 17. Bb2 Rxc3 18. Rb1 Re3+ 19. Kd2 Bxb2 20. Rxb2 Kg7
21. Qxb7 Qa5+ 22. b4 Qa3 23. Rc2 Rd3+ 24. Ke1 Nd4 25. Rc7 Re3+ 26. Kf2 Qd3 0-1

[Event "XL Gold Cup"]
[Site "Merano - Meran ITA"]
[Date "2012.04.??"]
[Round "6"]
[White "Aigner, Georg"]
[Black "Kottenhoff, Roland"]
[WhiteElo "2004"]
[BlackElo "2166"]
[Result "0-1"]
[PlyCount "88"]
[EventDate "2012.04.13"]

1. e4 e5 2. Nf3 Nc6 3. Bb5 a6 4. Bxc6 dxc6 5. O-O Bg4 6. h3 h5 7. d3 Bxf3 8.
Qxf3 Ne7 9. Bg5 f6 10. Be3 Qd7 11. Nc3 O-O-O 12. Bc5 Kb8 13. Rad1 Nc8 14. d4
Bxc5 15. dxc5 Qf7 16. Rd3 Ne7 17. Rfd1 Kc8 18. a4 a5 19. Qe3 Ng6 20. Ne2 Qc4
21. Rxd8+ Rxd8 22. Rxd8+ Kxd8 23. Qd3+ Qxd3 24. cxd3 Nf8 25. Nc1 Ne6 26. Nb3 b6
27. g3 Kd7 28. h4 b5 29. axb5 cxb5 30. c6+ Kxc6 31. Nxa5+ Kc5 32. Nb3+ Kb4 33.
Nc1 Nc5 34. f4 Na4 35. d4 exd4 36. e5 fxe5 37. fxe5 Nc5 38. Kf1 Ne6 39. Ke2 Kc4
40. Nd3 Kd5 41. Nf4+ Kxe5 42. Nxh5 c5 43. g4 Nf4+ 44. Nxf4 Kxf4 0-1

[Event "XL Gold Cup"]
[Site "Merano - Meran ITA"]
[Date "2012.04.??"]
[Round "6"]
[White "Koch, Dieter"]
[Black "Hoffmann, Rolf"]
[WhiteElo "1826"]
[BlackElo "1610"]
[Result "1-0"]
[PlyCount "65"]
[EventDate "2012.04.13"]

1. d4 d5 2. e3 Nf6 3. Bd3 e6 4. f4 c5 5. c3 Nc6 6. Nd2 Bd7 7. Qf3 Be7 8. Nh3 h6
9. a4 Qc7 10. O-O O-O-O 11. dxc5 Bxc5 12. b4 Bd6 13. b5 Ne7 14. c4 g5 15. Nf2
gxf4 16. e4 Be5 17. Ra2 d4 18. c5 Be8 19. Nc4 Kb8 20. Ba3 Rg8 21. b6 Qd7 22.
bxa7+ Kxa7 23. Nxe5 Qc7 24. Nc4 Bc6 25. Nd6 Qd7 26. Bb5 Rg7 27. Bxc6 Nxc6 28.
Rb2 Na5 29. Rfb1 Rb8 30. Rb5 Ka6 31. Rxa5+ Kxa5 32. Qd3 Qxa4 33. Rb5+ 1-0

[Event "XL Gold Cup"]
[Site "Merano - Meran ITA"]
[Date "2012.04.??"]
[Round "6"]
[White "Kumeth, Hartmut"]
[Black "Mahrla, Hans"]
[WhiteElo "1815"]
[BlackElo "1830"]
[Result "0-1"]
[PlyCount "60"]
[EventDate "2012.04.13"]

1. Nf3 Nf6 2. d4 d5 3. e3 e6 4. c4 c6 5. Nc3 Bd6 6. Be2 Nbd7 7. h3 O-O 8. cxd5
exd5 9. Qc2 Re8 10. a3 Qc7 11. b4 Nf8 12. Bd3 Qe7 13. O-O Ng6 14. Bb2 Ne4 15.
b5 Bd7 16. Qe2 f5 17. bxc6 bxc6 18. Rfc1 f4 19. Bxe4 dxe4 20. Nd2 f3 21. Qc4+
Be6 22. Qxc6 Bxh3 23. Ncxe4 Bxg2 24. Qxd6 Qh4 25. Ng3 Qh3 26. Qd5+ Kh8 27. Qh5
Nh4 28. d5 Rg8 29. Rc7 Bf1 30. Be5 Qg2# 0-1

[Event "XL Gold Cup"]
[Site "Merano - Meran ITA"]
[Date "2012.04.??"]
[Round "6"]
[White "Meul, Willi"]
[Black "Pregl, Walter"]
[WhiteElo "1867"]
[BlackElo "2110"]
[Result "1/2-1/2"]
[PlyCount "41"]
[EventDate "2012.04.13"]

1. d4 Nf6 2. Nf3 g6 3. c4 Bg7 4. Nc3 O-O 5. e4 d6 6. Be2 e5 7. d5 Nbd7 8. Be3
a6 9. Nd2 c5 10. O-O Qe7 11. Rb1 h6 12. f3 Nh5 13. b4 b6 14. Na4 f5 15. bxc5
bxc5 16. Nb6 Nxb6 17. Rxb6 Nf4 18. Re1 g5 19. exf5 Bxf5 20. Ne4 Rfd8 21. Qb3
1/2-1/2

[Event "XL Gold Cup"]
[Site "Merano - Meran ITA"]
[Date "2012.04.??"]
[Round "6"]
[White "Schleime, Franz-Josef"]
[Black "Scholz, Herbert"]
[WhiteElo "1777"]
[BlackElo "1980"]
[Result "1-0"]
[PlyCount "49"]
[EventDate "2012.04.13"]

1. d4 Nf6 2. Nf3 e6 3. Bf4 b6 4. e3 Bb7 5. Nbd2 d5 6. Bd3 Nh5 7. Bg3 Be7 8. Ne5
Nxg3 9. hxg3 g6 10. Qf3 O-O 11. g4 Kg7 12. Qh3 Rh8 13. f4 h5 14. O-O-O Nd7 15.
gxh5 Rh6 16. Qg3 Nxe5 17. fxe5 c5 18. hxg6 Bg5 19. Rxh6 Kxh6 20. Rh1+ Kg7 21.
Rh7+ Kg8 22. Rxf7 Bh4 23. Qg4 Qg5 24. Qxe6 Qxe3 25. Rh7+ 1-0

[Event "XL Gold Cup"]
[Site "Merano - Meran ITA"]
[Date "2012.04.??"]
[Round "6"]
[White "Thonig, Manfred"]
[Black "Schuller, Erhard"]
[WhiteElo "1679"]
[BlackElo "1730"]
[Result "1-0"]
[PlyCount "51"]
[EventDate "2012.04.13"]

1. f4 d5 2. Nf3 c5 3. e3 Nc6 4. Bb5 Bd7 5. a4 a6 6. Bxc6 Bxc6 7. Ne5 Qc7 8. O-O
g6 9. d4 cxd4 10. exd4 Bg7 11. Nd2 Nf6 12. Ndf3 O-O 13. c3 Nd7 14. Ng5 Nxe5 15.
fxe5 Qd7 16. Qe2 e6 17. b3 Rac8 18. Ba3 f6 19. Bxf8 Rxf8 20. exf6 Rxf6 21. Rxf6
Bxf6 22. Qxe6+ Qxe6 23. Nxe6 Kf7 24. Nf4 b6 25. Nd3 Bd7 26. Nb4 1-0

[Event "XL Gold Cup"]
[Site "Merano - Meran ITA"]
[Date "2012.04.??"]
[Round "6"]
[White "Wempe, Juergen"]
[Black "Huss, Benjamin"]
[WhiteElo "2157"]
[BlackElo "2142"]
[Result "1-0"]
[PlyCount "65"]
[EventDate "2012.04.13"]

1. d4 Nf6 2. Nc3 g6 3. e4 d6 4. f4 Bg7 5. Be2 O-O 6. e5 Nfd7 7. Ne4 c5 8. c3
cxd4 9. cxd4 Nb6 10. Nf3 Bf5 11. Nf2 h5 12. h3 Qd7 13. g4 hxg4 14. hxg4 Bxg4
15. Nxg4 Qxg4 16. Ng5 Qg3+ 17. Kf1 dxe5 18. Rh3 exf4 19. Rxg3 fxg3 20. Bf3 Nc6
21. Bxc6 bxc6 22. Be3 Rad8 23. Ke2 g2 24. Qg1 Nd5 25. Rd1 Rfe8 26. Qxg2 Nxe3
27. Kxe3 e5 28. d5 Bh6 29. Rh1 Bf8 30. Ne4 Bg7 31. dxc6 f5 32. c7 Rd4 33. Nf6+
1-0

[Event "XL Gold Cup"]
[Site "Merano - Meran ITA"]
[Date "2012.04.??"]
[Round "7"]
[White "Abel, Hans-Peter"]
[Black "Wempe, Juergen"]
[WhiteElo "1974"]
[BlackElo "2157"]
[Result "0-1"]
[PlyCount "100"]
[EventDate "2012.04.13"]

1. Nf3 g6 2. d4 c6 3. g3 d5 4. Bg2 Bf5 5. O-O Qc8 6. Re1 Be4 7. Nbd2 f5 8. Nxe4
dxe4 9. Ne5 Nd7 10. f4 Ngf6 11. c4 c5 12. d5 Nxe5 13. fxe5 Ng4 14. e6 Bg7 15.
Qa4+ Kf8 16. Qa3 Bd4+ 17. e3 Be5 18. Bd2 Qc7 19. Re2 h5 20. Bc3 Bxc3 21. Qxc3
Qe5 22. Rc1 h4 23. Qxe5 Nxe5 24. b3 hxg3 25. hxg3 Kg7 26. Rf1 Rh5 27. Rf4 Rg5
28. Kh2 Ng4+ 29. Kg1 Nf6 30. Kf2 Nh5 31. Rh4 Nxg3 32. Re1 Rf8 33. Rg1 Nh5 34.
Bh1 Rxg1 35. Kxg1 Kh6 36. Kf2 g5 37. Rh2 g4 38. Ke1 Kg5 39. Rd2 Rd8 40. a3 g3
41. b4 Rc8 42. b5 Nf6 43. Bg2 Ng4 44. Ke2 Ne5 45. Rc2 Rf8 46. a4 f4 47. Bxe4
f3+ 48. Bxf3 Rxf3 49. d6 Rf2+ 50. Kd1 g2 0-1

[Event "XL Gold Cup"]
[Site "Merano - Meran ITA"]
[Date "2012.04.??"]
[Round "7"]
[White "Kottenhoff, Roland"]
[Black "Meul, Willi"]
[WhiteElo "2166"]
[BlackElo "1867"]
[Result "1-0"]
[PlyCount "51"]
[EventDate "2012.04.13"]

1. e4 c5 2. Nf3 Nc6 3. d4 cxd4 4. Nxd4 Nf6 5. Nc3 e5 6. Ndb5 d6 7. Bg5 a6 8.
Bxf6 gxf6 9. Na3 b5 10. Nd5 Bg7 11. Bd3 Rb8 12. O-O Be6 13. c3 Bxd5 14. exd5
Ne7 15. Qg4 O-O 16. Nc2 f5 17. Bxf5 Nxd5 18. Bxh7+ Kxh7 19. Qe4+ f5 20. Qxd5 a5
21. Rad1 Rf6 22. Rd3 Rh6 23. Rfd1 Qg5 24. Rg3 Qf4 25. Ne3 Rf8 26. Qb7 1-0

[Event "XL Gold Cup"]
[Site "Merano - Meran ITA"]
[Date "2012.04.??"]
[Round "7"]
[White "Mahrla, Hans"]
[Black "Schleime, Franz-Josef"]
[WhiteElo "1830"]
[BlackElo "1777"]
[Result "1-0"]
[PlyCount "69"]
[EventDate "2012.04.13"]

1. e4 c5 2. f4 e6 3. c3 b6 4. Nf3 Bb7 5. e5 d6 6. Be2 dxe5 7. fxe5 Qc7 8. O-O
Nd7 9. d4 h6 10. Bf4 Ne7 11. Bg3 Nf5 12. Bf2 a6 13. Nbd2 g6 14. Rc1 Qd8 15. Bd3
Ne7 16. Ne4 Nd5 17. a3 Nf4 18. Bc2 Be7 19. Be3 Nd5 20. Bd2 Rc8 21. Qe1 Nf8 22.
Qf2 f5 23. exf6 Bxf6 24. Nxf6+ Qxf6 25. dxc5 Rxc5 26. Be4 Rc7 27. Qg3 Rhh7 28.
Ne5 Qd8 29. Nxg6 Nxg6 30. Bxg6+ Rhf7 31. Rxf7 Rxf7 32. Rf1 Nf6 33. Bxh6 Qe7 34.
Qb8+ Qd8 35. Qxb7 1-0

[Event "XL Gold Cup"]
[Site "Merano - Meran ITA"]
[Date "2012.04.??"]
[Round "7"]
[White "Pregl, Walter"]
[Black "Bauer, Dieter"]
[WhiteElo "2110"]
[BlackElo "1810"]
[Result "1/2-1/2"]
[PlyCount "67"]
[EventDate "2012.04.13"]

1. e4 c5 2. Nc3 e6 3. f4 d5 4. e5 Nc6 5. Nf3 h5 6. b3 Nh6 7. Bb2 Nf5 8. Bd3 g6
9. Bxf5 gxf5 10. h4 b6 11. d3 Bb7 12. Qd2 Be7 13. O-O-O a6 14. Kb1 d4 15. Ne2
Nb4 16. Rh2 Nd5 17. Ng5 Ne3 18. Rg1 Ng4 19. Rh3 Nf2 20. Rg3 Ng4 21. c3 dxc3 22.
Bxc3 Qc7 23. Nc1 Rd8 24. Rd1 Rd7 25. Bb2 Kf8 26. Ka1 Kg7 27. Nf3 Rhd8 28. Qe2
Bf8 29. Nh2 Kh7 30. Nf3 Kh8 31. Ng5 Kg8 32. Nf3 Kh8 33. Ng5 Kg8 34. Nf3 1/2-1/2

[Event "XL Gold Cup"]
[Site "Merano - Meran ITA"]
[Date "2012.04.??"]
[Round "8"]
[White "Aigner, Georg"]
[Black "Bauer, Dieter"]
[WhiteElo "2004"]
[BlackElo "1810"]
[Result "1-0"]
[PlyCount "73"]
[EventDate "2012.04.13"]

1. e4 c5 2. Nf3 a6 3. Nc3 e6 4. d4 cxd4 5. Nxd4 Qc7 6. Bd3 Nc6 7. Nxc6 dxc6 8.
O-O Nf6 9. Bg5 Be7 10. Re1 e5 11. h3 Be6 12. Qe2 O-O 13. Nd1 Rad8 14. Ne3 g6
15. Qf3 Nh5 16. Bh6 Rfe8 17. Ng4 Nf4 18. Bf1 Bxg4 19. Qxg4 Qd7 20. Qf3 Qc7 21.
g3 Ne6 22. Bc4 Rd4 23. Bb3 Red8 24. h4 Bf8 25. Be3 R4d7 26. h5 Nd4 27. Qg4 Nxb3
28. axb3 Bb4 29. c3 Be7 30. hxg6 hxg6 31. Kg2 Kf8 32. Rh1 Bf6 33. Bg5 Qd6 34.
Rad1 Qxd1 35. Rxd1 Rxd1 36. Bxf6 R8d2 37. Qc8+ 1-0

[Event "XL Gold Cup"]
[Site "Merano - Meran ITA"]
[Date "2012.04.??"]
[Round "8"]
[White "Borries, Barbara"]
[Black "Pregl, Walter"]
[WhiteElo "1873"]
[BlackElo "2110"]
[Result "0-1"]
[PlyCount "75"]
[EventDate "2012.04.13"]

1. e4 e5 2. Nf3 Nc6 3. Bb5 a6 4. Bxc6 dxc6 5. O-O Bg4 6. d3 f6 7. Be3 Qd7 8.
Nbd2 Bd6 9. Re1 Ne7 10. h3 Be6 11. d4 exd4 12. Nxd4 Bf7 13. Qf3 O-O 14. N4b3 b6
15. Rad1 c5 16. Bf4 Bxf4 17. Qxf4 Qc6 18. Nf3 Ng6 19. Qg3 a5 20. a3 Rae8 21.
Nbd2 b5 22. Re3 Re7 23. Rde1 Rfe8 24. b3 Rd7 25. Rd3 Rxd3 26. cxd3 Rd8 27. Re3
Qd7 28. Ne1 Ne5 29. f4 Nc6 30. Nef3 Nd4 31. e5 Nf5 32. exf6 Nxg3 33. Re7 Qxd3
34. Ne5 Qe3+ 35. Kh2 gxf6 36. Nxf7 Qxe7 37. Nh6+ Kf8 38. Kxg3 0-1